Southville International School and Colleges
Your cart is empty.
  • Cart
  • Lists
    Public lists Eva Luna New books Lux_list list_1
    Your lists Log in to create your own lists
  • Log in to your account
  • Your cookies
  • Search history
Southville International School and Colleges
  • Advanced search
  • Recent comments
  • Most popular
  • Libraries

Log in to your account

Log in with GOOGLE


If you do not have an external account, but do have a local account, you can still log in:

  1. Home
  2. MARC view: Assembly language for intel-based computers. /
Normal view MARC view ISBD view

Assembly language for intel-based computers. / (Record no. 20696)

[ view plain ]
MARC details
000 -LEADER
fixed length control field 00644nam a2200205 a 4500
005 - DATE AND TIME OF LATEST TRANSACTION
control field 20140310183246.0
008 - FIXED-LENGTH DATA ELEMENTS--GENERAL INFORMATION
fixed length control field 040913s19uu xx 00 eng d
020 ## - INTERNATIONAL STANDARD BOOK NUMBER
International Standard Book Number 0-13-049146-2
050 ## - LIBRARY OF CONGRESS CALL NUMBER
Classification number QA 76.8
Item number .Ir77 2003
100 ## - MAIN ENTRY--PERSONAL NAME
Personal name Irvine, Kip R.
245 ## - TITLE STATEMENT
Title Assembly language for intel-based computers. /
Statement of responsibility, etc Kip R. Irvine
260 ## - PUBLICATION, DISTRIBUTION, ETC. (IMPRINT)
Place of publication, distribution, etc New Jersey :
Name of publisher, distributor, etc Pearson Education International,
Date of publication, distribution, etc 2003.
300 ## - PHYSICAL DESCRIPTION
Extent 708 p. :
Other physical details ill. ;
Dimensions 24 cm.
500 ## - GENERAL NOTE
General note Includes index.
521 ## - TARGET AUDIENCE NOTE
Target audience note
650 ## - SUBJECT ADDED ENTRY--TOPICAL TERM
Topical term or geographic name as entry element IBM Personal Computer
General subdivision Programming.
650 ## - SUBJECT ADDED ENTRY--TOPICAL TERM
Topical term or geographic name as entry element Assembler language (Computer Program Language).
942 ## - ADDED ENTRY ELEMENTS (KOHA)
Koha item type Books
Source of classification or shelving scheme Library of Congress Classification
Call number prefix Foreign
Holdings
Withdrawn status Lost status Source of classification or shelving scheme Damaged status Home library Current library Shelving location Date acquired Total Checkouts Full call number Barcode Date last seen Price effective from Koha item type
    Library of Congress Classification   College Library College Library General Circulation Section 09/13/2004   QA 76.8 .Ir77 2003 C5188 05/15/2018 03/10/2014 Books

Assembly language for intel-based computers. /

APA

Irvine K. R., . (2003). Assembly language for intel-based computers. New Jersey: Pearson Education International.

Chicago

Irvine Kip R, . 2003. Assembly language for intel-based computers. New Jersey: Pearson Education International.

Harvard

Irvine K. R., . (2003). Assembly language for intel-based computers. New Jersey: Pearson Education International.

MLA

Irvine Kip R, . Assembly language for intel-based computers. New Jersey: Pearson Education International. 2003.

  • Place hold
  • Print
  • Cite
  • Add to your cart (remove)
  • Save record
    BIBTEX Dublin Core MARCXML MARC (non-Unicode/MARC-8) MARC (Unicode/UTF-8) MARC (Unicode/UTF-8, Standard) MODS (XML) RIS
  • More searches
    Search for this title in:
    Other Libraries (WorldCat) Other Databases (Google Scholar) Online Stores (Bookfinder.com) Open Library (openlibrary.org)

Exporting to Dublin Core...

SOUTHVILLE LIBRARY

Southville International School and Colleges Library

1281 Tropical Ave. Cor. Luxembourg St., BF Homes International, Las Pinas City

Tel. No. 8256374 / 252358 Loc. 117/146

Powered by Koha